Streets of Coeur d'Alene - Statistics

General Stats
  • This quiz has been taken 13 times
    9 since last reset
  • The average score is 58 of 107
Answer Stats
Answer % Correct
10th Street
100%
11th Street
100%
12th Street
100%
13th Street
100%
14th Street
100%
15th Street
100%
16th Street
100%
17th Street
100%
18th Street
100%
19th Street
100%
20th Street
100%
21st Street
100%
22nd Street
100%
23rd Street
100%
2nd Street
100%
3rd Street
100%
4th Street
100%
5th Street
100%
6th Street
100%
7th Street
100%
8th Street
100%
9th Street
100%
Birch Avenue
100%
Elm Avenue
100%
Maple Avenue
100%
Maple Street
100%
Orchard Avenue
100%
Anne Street
50%
Appleway Avenue
50%
Atlas Road
50%
Bancroft Avenue
50%
Best Avenue
50%
Canfield Avenue
50%
Coeur d'Alene Avenue
50%
Colfax Street
50%
Crawford Avenue
50%
Dalton Avenue
50%
Davenport Street
50%
Davidson Avenue
50%
Davis Avenue
50%
Deerhaven Avenue
50%
Emma Avenue
50%
Front Avenue
50%
Garden Avenue
50%
Government Way
50%
Hanley Avenue
50%
Harrison Avenue
50%
Hoffman Avenue
50%
Honeysuckle Avenue
50%
Honeysuckle Drive
50%
Huetter Road
50%
I-90
50%
Indiana Avenue
50%
Ironwood Drive
50%
Kathleen Avenue
50%
Lakeshore Drive
50%
Lakeside Avenue
50%
Lancaster Road
50%
Lincoln Way
50%
Locust Avenue
50%
Margaret Avenue
50%
Miles Avenue
50%
Mill Avenue
50%
Mount Carrol Street
50%
Mullan Avenue
50%
Nettleton Gulch Road
50%
Northwest Boulevard
50%
Pennsylvania Avenue
50%
Poplar Avenue
50%
Prairie Avenue
50%
Ramsey Road
50%
Rosenberry Drive
50%
Rude Street
50%
Seltice Way
50%
Shadduck Lane
50%
Sherman Avenue
50%
Spokane Avenue
50%
Spruce Avenue
50%
Stiner Avenue
50%
Thomas Lane
50%
Timber Lane
50%
US-95
50%
Valley Street
50%
Wallace Avenue
50%
Walnut Avenue
50%
Wilbur Avenue
50%
Wyoming Avenue
50%
Young Avenue
50%
Boyd Avenue
0%
Dakota Avenue
0%
Foster Avenue
0%
Gilbert Avenue
0%
Hastings Avenue
0%
Hattie Avenue
0%
Haycraft Avenue
0%
Hayden Avenue
0%
Hazel Avenue
0%
Lacey Avenue
0%
Lacrosse Avenue
0%
Linden Avenue
0%
Lunceford Lane
0%
Mallard Avenue
0%
Montana Avenue
0%
Neider Avenue
0%
Reed Road
0%
St Maries Avenue
0%
Strahorn Road
0%
No matching quizzes found
Score Distribution
Percent of People with Each Score
Percentile by Number Answered
Your Score History
You have not taken this quiz since the last reset